Lebensräume von Tieren - leben sie dort? - Statistiken

Allgemein
  • Dieses Quiz wurde 14.064 mal gespielt
  • Das Durchschnittsergebnis liegt bei 9 aus 15
Antwortstatistiken
Frage Antwort % Korrekt
Gibt es Eidechsen in Europa? Ja
94%
Gibt es Krokodile in den Vereinigten Staaten? Ja
82%
Gibt es Affen in Japan? Ja
80%
Gibt es Elefanten in China? Ja
75%
Gibt es Eisbären in Antarktika? Nein
74%
Gibt es Pinguine in Afrika? Ja
72%
Gibt es Kängurus in Neuseeland? Nein
66%
Gibt es Stechmücken in Island? Nein
65%
Gibt es Haie in den Großen Seen? Nein
64%
Gibt es Tiger in Afrika? Nein
59%
Gibt es Löwen in Asien? Ja
55%
Gibt es Geparden in Asien? Ja
43%
Gibt es Schlangen in Irland? Nein
43%
Gibt es in Südamerika Menschenaffen (Menschen nicht mitgezählt)? Nein
40%
Gibt es Wölfe in Großbritannien? Nein
35%
Keine übereinstimmenden Quizze gefunden
Verteilung der Resultate
Anzahl Personen mit jedem Resultat
Perzentil nach korrekt beantworteten Fragen
Ihre Resultats-Entwicklung
Sie haben dieses Quiz noch nicht gespielt